000 00243nam a22000857a 4500
008 161207b xxu||||| |||| 00| 0 eng d
100 _91880
_aKalra. P. S
245 _aLaboratory skills Mathematics part-7
260 _aNew delhi
_bArya publication
_c2006
999 _c4630
_d4630